[Event "EUYCC 2024 U10"]
[Site "?"]
[Date "2024.08.11"]
[Round "7.3"]
[White "Gusev, Daniil Den"]
[Black "Malchev, Nikola"]
[Result "1-0"]
[BlackElo "1561"]
[WhiteElo "1842"]
[LiveChessVersion "1.4.8"]

1. e4 {[%clk 1:30:51]} c6 {[%clk 1:30:34]} 2. d4 {[%clk 1:31:06]} d5
{[%clk 1:30:27]} 3. e5 {[%clk 1:31:28]} Bf5 {[%clk 1:30:24]} 4. Nd2
{[%clk 1:31:38]} e6 {[%clk 1:27:49]} 5. Nb3 {[%clk 1:31:34]} Nd7 {[%clk 1:25:50]}
6. Nf3 {[%clk 1:31:45]} h6 {[%clk 1:25:47]} 7. Be2 {[%clk 1:31:22]} Qc7
{[%clk 1:25:21]} 8. O-O {[%clk 1:30:23]} c5 {[%clk 1:25:11]} 9. dxc5
{[%clk 1:30:26]} Nxc5 {[%clk 1:25:01]} 10. Nxc5 {[%clk 1:30:22]} Bxc5
{[%clk 1:25:10]} 11. Bb5+ {[%clk 1:29:05]} Kf8 {[%clk 1:24:09]} 12. c4
{[%clk 1:25:51]} a6 {[%clk 1:23:22]} 13. Ba4 {[%clk 1:26:16]} dxc4
{[%clk 1:23:19]} 14. Bc2 {[%clk 1:26:32]} Rd8 {[%clk 1:23:03]} 15. Qe2
{[%clk 1:26:34]} Bxc2 {[%clk 1:23:20]} 16. Qxc2 {[%clk 1:27:01]} Ne7
{[%clk 1:23:13]} 17. Bd2 {[%clk 1:24:47]} Nd5 {[%clk 1:21:49]} 18. Rac1
{[%clk 1:24:05]} Bb6 {[%clk 1:19:27]} 19. Qe4 {[%clk 1:17:16]} Rc8
{[%clk 1:13:30]} 20. Rc2 {[%clk 1:13:41]} Ba5 {[%clk 1:12:39]} 21. Bxa5
{[%clk 1:11:10]} Qxa5 {[%clk 1:12:04]} 22. Rxc4 {[%clk 1:10:55]} Rxc4
{[%clk 1:12:11]} 23. Qxc4 {[%clk 1:11:23]} Qd8 {[%clk 1:11:23]} 24. Rd1
{[%clk 1:05:36]} g6 {[%clk 1:09:59]} 25. Nd2 {[%clk 0:34:35]} Kg7
{[%clk 1:07:43]} 26. Qe2 {[%clk 0:30:07]} Qg5 {[%clk 1:04:48]} 27. g3
{[%clk 0:28:24]} Rd8 {[%clk 1:01:22]} 28. h4 {[%clk 0:28:14]} Qf5
{[%clk 0:58:57]} 29. Nc4 {[%clk 0:28:02]} b5 {[%clk 0:51:58]} 30. Nd6
{[%clk 0:27:43]} Qh5 {[%clk 0:52:11]} 31. Qxh5 {[%clk 0:22:57]} gxh5
{[%clk 0:51:34]} 32. Rc1 {[%clk 0:23:25]} f6 {[%clk 0:51:12]} 33. exf6+
{[%clk 0:23:29]} Kxf6 {[%clk 0:51:16]} 34. Nb7 {[%clk 0:21:41]} Rd7
{[%clk 0:47:51]} 35. Nc5 {[%clk 0:21:44]} Rc7 {[%clk 0:48:05]} 36. Ne4+
{[%clk 0:22:11]} Kf5 {[%clk 0:48:11]} 37. Nd6+ {[%clk 0:19:57]} Kg6
{[%clk 0:45:34]} 38. Rxc7 {[%clk 0:20:17]} Nxc7 {[%clk 0:45:54]} 39. Kf1
{[%clk 0:20:34]} Kf6 {[%clk 0:46:06]} 40. Ke2 {[%clk 0:18:27]} Ke5
{[%clk 0:45:46]} 41. Nb7 {[%clk 0:18:26]} Kd5 {[%clk 0:43:58]} 42. Kd3
{[%clk 0:18:39]} e5 {[%clk 0:43:55]} 43. Nd8 {[%clk 0:15:57]} Kd6
{[%clk 0:40:11]} 44. Nf7+ {[%clk 0:15:20]} Ke6 {[%clk 0:40:12]} 45. Nxh6
{[%clk 0:11:28]} Kf6 {[%clk 0:40:18]} 46. Ke4 {[%clk 0:10:35]} Ne6
{[%clk 0:40:26]} 47. b4 {[%clk 0:10:13]} Nd4 {[%clk 0:40:20]} 48. g4
{[%clk 0:09:25]} Kg6 {[%clk 0:40:23]} 49. g5 {[%clk 0:09:28]} Nc2
{[%clk 0:40:45]} 50. Kxe5 {[%clk 0:09:54]} Nxb4 {[%clk 0:41:03]} 51. f4
{[%clk 0:10:14]} Nxa2 {[%clk 0:39:56]} 52. f5+ {[%clk 0:10:38]} Kh7
{[%clk 0:40:17]} 53. f6 {[%clk 0:10:45]} b4 {[%clk 0:40:39]} 54. f7
{[%clk 0:11:10]} Kg7 {[%clk 0:40:53]} 55. Ke6 {[%clk 0:11:37]} Nc3
{[%clk 0:41:06]} 56. Nf5+ {[%clk 0:11:48]} 1-0

[Event "EUYCC 2024 U10"]
[Site "?"]
[Date "2024.08.11"]
[Round "7.4"]
[White "Trejbal, Jindrich"]
[Black "Vo, Daniel"]
[Result "1-0"]
[BlackElo "1707"]
[WhiteElo "1763"]
[LiveChessVersion "1.4.8"]

1. e4 {[%clk 1:30:56]} c5 {[%clk 1:30:55]} 2. Nf3 {[%clk 1:31:13]} d6
{[%clk 1:31:00]} 3. g3 {[%clk 1:31:08]} Nf6 {[%clk 1:30:31]} 4. d3
{[%clk 1:31:15]} g6 {[%clk 1:30:49]} 5. Bg2 {[%clk 1:31:13]} Bg7 {[%clk 1:31:02]}
6. O-O {[%clk 1:30:58]} O-O {[%clk 1:31:01]} 7. h3 {[%clk 1:30:11]} Qc7
{[%clk 1:30:12]} 8. Re1 {[%clk 1:28:59]} Nc6 {[%clk 1:27:41]} 9. a4
{[%clk 1:25:55]} b6 {[%clk 1:23:59]} 10. c3 {[%clk 1:22:10]} Bb7 {[%clk 1:21:08]}
11. Na3 {[%clk 1:18:41]} a6 {[%clk 1:18:03]} 12. d4 {[%clk 1:15:16]} cxd4
{[%clk 1:13:41]} 13. cxd4 {[%clk 1:14:19]} d5 {[%clk 1:11:19]} 14. Bf4
{[%clk 1:07:09]} Qd7 {[%clk 1:05:41]} 15. Ne5 {[%clk 0:58:10]} Qd8
{[%clk 0:59:08]} 16. Nxc6 {[%clk 0:55:30]} Bxc6 {[%clk 0:57:40]} 17. e5
{[%clk 0:52:45]} Ne8 {[%clk 0:51:55]} 18. Rc1 {[%clk 0:46:53]} Qd7
{[%clk 0:48:45]} 19. Qb3 {[%clk 0:42:00]} Rb8 {[%clk 0:41:44]} 20. e6
{[%clk 0:38:19]} fxe6 {[%clk 0:38:52]} 21. Bxb8 {[%clk 0:37:33]} Bxd4
{[%clk 0:38:58]} 22. Re2 {[%clk 0:26:09]} Bxa4 {[%clk 0:37:16]} 23. Qd3
{[%clk 0:23:07]} e5 {[%clk 0:35:20]} 24. Bxe5 {[%clk 0:20:10]} Bxe5
{[%clk 0:32:57]} 25. Qxd5+ {[%clk 0:17:58]} 1-0

[Event "EUYCC 2024 U10"]
[Site "?"]
[Date "2024.08.11"]
[Round "7.5"]
[White "Fan, Sizhuo"]
[Black "Holik, Ondrej"]
[Result "1-0"]
[BlackElo "1701"]
[WhiteElo "1895"]
[LiveChessVersion "1.4.8"]

1. e4 {[%clk 1:30:58]} c6 {[%clk 1:30:39]} 2. d4 {[%clk 1:31:13]} d5
{[%clk 1:30:59]} 3. Nc3 {[%clk 1:31:27]} b5 {[%clk 1:31:15]} 4. e5
{[%clk 1:30:53]} Bf5 {[%clk 1:31:31]} 5. Nf3 {[%clk 1:30:34]} Nd7
{[%clk 1:31:27]} 6. Be3 {[%clk 1:29:47]} Qb6 {[%clk 1:30:59]} 7. a4
{[%clk 1:24:22]} bxa4 {[%clk 1:30:27]} 8. Nxa4 {[%clk 1:21:30]} Qb7
{[%clk 1:29:54]} 9. Nh4 {[%clk 1:19:28]} Be6 {[%clk 1:29:33]} 10. f4
{[%clk 1:18:44]} f6 {[%clk 1:28:06]} 11. f5 {[%clk 1:18:34]} fxe5
{[%clk 1:25:24]} 12. fxe6 {[%clk 1:18:47]} Ndf6 {[%clk 1:24:22]} 13. c3
{[%clk 1:17:43]} exd4 {[%clk 1:21:43]} 14. Bxd4 {[%clk 1:17:23]} Qc7
{[%clk 1:21:15]} 15. Bd3 {[%clk 1:16:53]} Qf4 {[%clk 1:20:58]} 16. Nf3
{[%clk 1:16:10]} Ng4 {[%clk 1:19:14]} 17. Qd2 {[%clk 1:14:32]} Qxd2+
{[%clk 1:18:43]} 18. Kxd2 {[%clk 1:13:44]} g6 {[%clk 1:18:03]} 19. Bxh8
{[%clk 1:14:00]} Bh6+ 20. Ke2 {[%clk 1:13:58]} N8f6 {[%clk 1:17:36]} 21. h3
{[%clk 1:14:03]} Nh5 {[%clk 1:16:52]} 22. hxg4 {[%clk 1:13:27]} Ng3+
{[%clk 1:16:39]} 23. Kf2 {[%clk 1:13:50]} Nxh1+ {[%clk 1:16:58]} 24. Rxh1
{[%clk 1:14:10]} Bf8 {[%clk 1:16:50]} 25. Rxh7 {[%clk 1:14:24]} Rb8
{[%clk 1:16:58]} 26. Bxg6+ {[%clk 1:14:17]} Kd8 {[%clk 1:17:05]} 27. Rf7
{[%clk 1:14:22]} Kc7 {[%clk 1:17:03]} 28. Be5+ {[%clk 1:14:42]} Kb7
{[%clk 1:17:12]} 29. Nc5+ {[%clk 1:14:46]} Ka8 {[%clk 1:17:13]} 30. Bxb8
{[%clk 1:15:03]} Kxb8 {[%clk 1:17:18]} 31. Rxf8+ Kc7 {[%clk 1:17:32]} 32. Rf7
{[%clk 1:15:32]} Kd6 {[%clk 1:17:49]} 33. Nb7+ {[%clk 1:15:47]} Kxe6
{[%clk 1:18:03]} 34. Ng5+ {[%clk 1:16:05]} Kd7 {[%clk 1:18:10]} 35. Bf5+
{[%clk 1:16:22]} Kc7 {[%clk 1:18:25]} 36. Rxe7+ {[%clk 1:16:48]} Kb6
{[%clk 1:18:47]} 37. Ne6 {[%clk 1:17:02]} d4 {[%clk 1:18:41]} 38. Nxd4
{[%clk 1:17:19]} c5 {[%clk 1:18:57]} 39. Nb3 {[%clk 1:17:25]} c4 {[%clk 1:19:13]}
40. g5 {[%clk 1:17:43]} cxb3 {[%clk 1:19:11]} 41. g6 {[%clk 1:18:06]} a5
{[%clk 1:19:33]} 42. g7 {[%clk 1:18:29]} a4 {[%clk 1:19:56]} 43. g8=Q
{[%clk 1:18:45]} a3 {[%clk 1:19:56]} 44. Qxb3+ {[%clk 1:19:05]} Kc6
{[%clk 1:19:31]} 45. Be4# {[%clk 1:19:25]} 1-0

[Event "EUYCC 2024 U10"]
[Site "?"]
[Date "2024.08.11"]
[Round "7.6"]
[White "Lobina, Thomas"]
[Black "Fattori Dittmar, Luca"]
[Result "1/2-1/2"]
[BlackElo "1580"]
[WhiteElo "1793"]
[LiveChessVersion "1.4.8"]

1. e4 {[%clk 1:30:54]} e6 {[%clk 1:30:29]} 2. d4 {[%clk 1:31:18]} d5
{[%clk 1:30:48]} 3. Nc3 {[%clk 1:31:43]} Nf6 {[%clk 1:31:09]} 4. exd5
{[%clk 1:32:04]} exd5 {[%clk 1:31:04]} 5. Bg5 {[%clk 1:32:25]} Be7
{[%clk 1:31:11]} 6. Qd2 {[%clk 1:31:23]} O-O {[%clk 1:30:32]} 7. O-O-O
{[%clk 1:31:28]} c6 {[%clk 1:30:39]} 8. f3 {[%clk 1:27:53]} a5 {[%clk 1:29:14]}
9. g4 {[%clk 1:22:21]} b5 {[%clk 1:27:59]} 10. Bd3 {[%clk 1:18:14]} a4
{[%clk 1:27:00]} 11. Nb1 Qa5 {[%clk 1:23:19]} 12. Qxa5 {[%clk 1:10:21]} Rxa5
{[%clk 1:23:17]} 13. Re1 {[%clk 1:09:41]} Ra7 {[%clk 1:22:27]} 14. Ne2
{[%clk 1:08:18]} h6 {[%clk 1:22:38]} 15. Bf4 {[%clk 1:07:04]} Na6
{[%clk 1:22:08]} 16. c3 {[%clk 1:06:49]} Nc7 {[%clk 1:19:55]} 17. Ng3
{[%clk 0:59:58]} Ne6 {[%clk 1:19:42]} 18. Be5 {[%clk 0:58:55]} Nd7
{[%clk 1:18:20]} 19. f4 {[%clk 0:53:56]} Nxe5 {[%clk 1:14:59]} 20. fxe5
{[%clk 0:53:50]} Bh4 {[%clk 1:12:09]} 21. Ref1 {[%clk 0:52:15]} Bxg3
{[%clk 1:12:10]} 22. hxg3 {[%clk 0:52:30]} Ng5 {[%clk 1:12:12]} 23. Bf5 Re7
{[%clk 1:08:31]} 24. Na3 {[%clk 0:50:33]} Ba6 {[%clk 1:07:41]} 25. Bd3
{[%clk 0:50:22]} Bc8 {[%clk 1:05:23]} 26. Bf5 {[%clk 0:48:55]} Rc7
{[%clk 1:02:41]} 1/2-1/2

[Event "EUYCC 2024 U10"]
[Site "?"]
[Date "2024.08.11"]
[Round "7.8"]
[White "Bostina, Vladimir-Ioan"]
[Black "Hroch, Pavel"]
[Result "1-0"]
[BlackElo "1665"]
[WhiteElo "1627"]
[LiveChessVersion "1.4.8"]

1. e4 {[%clk 1:30:57]} e5 {[%clk 1:29:26]} 2. Nf3 {[%clk 1:31:21]} Nc6
{[%clk 1:27:33]} 3. Bc4 {[%clk 1:31:44]} Bc5 {[%clk 1:23:45]} 4. c3
{[%clk 1:32:05]} d6 {[%clk 1:21:41]} 5. d4 {[%clk 1:32:27]} Bb6 {[%clk 1:20:35]}
6. dxe5 {[%clk 1:28:38]} dxe5 {[%clk 1:19:42]} 7. Qxd8+ {[%clk 1:28:04]} Nxd8
{[%clk 1:17:32]} 8. Nxe5 {[%clk 1:24:15]} f6 {[%clk 1:17:29]} 9. Nf3
{[%clk 1:17:29]} Nc6 {[%clk 1:17:02]} 10. O-O {[%clk 1:13:09]} Bd7
{[%clk 1:15:52]} 11. Rd1 {[%clk 1:04:07]} O-O-O {[%clk 1:14:36]} 12. Bf4
{[%clk 1:04:10]} Nge7 {[%clk 1:12:19]} 13. h3 {[%clk 0:51:30]} Ng6
{[%clk 1:11:03]} 14. Bg3 {[%clk 0:47:24]} Rhe8 {[%clk 1:08:23]} 15. Nbd2
{[%clk 0:42:41]} Nce5 {[%clk 1:03:01]} 16. Nxe5 {[%clk 0:37:32]} Nxe5
{[%clk 1:01:56]} 17. Bb3 {[%clk 0:29:45]} Bb5 {[%clk 1:01:03]} 18. c4
{[%clk 0:24:08]} Bc6 {[%clk 0:57:47]} 19. Bxe5 {[%clk 0:10:10]} Rxe5
{[%clk 0:56:52]} 20. Bc2 {[%clk 0:09:24]} Bd4 {[%clk 0:55:49]} 21. Nf3
{[%clk 0:05:48]} Bxb2 {[%clk 0:55:38]} 22. Rxd8+ {[%clk 0:06:10]} Kxd8
{[%clk 0:54:54]} 23. Rd1+ {[%clk 0:06:14]} Ke7 {[%clk 0:54:52]} 24. Nxe5
{[%clk 0:06:27]} Bxe5 {[%clk 0:55:09]} 25. f3 {[%clk 0:05:52]} a6
{[%clk 0:54:28]} 26. Kf2 {[%clk 0:05:48]} b5 {[%clk 0:54:15]} 27. cxb5
{[%clk 0:05:43]} axb5 {[%clk 0:54:27]} 28. Bb3 {[%clk 0:04:37]} Bd7
{[%clk 0:54:03]} 29. Bg8 {[%clk 0:02:11]} h6 {[%clk 0:54:12]} 30. Ke3
{[%clk 0:01:22]} c5 {[%clk 0:53:29]} 31. f4 {[%clk 0:01:02]} Bb2 {[%clk 0:52:57]}
32. Kd2 {[%clk 0:00:42]} c4 {[%clk 0:52:16]} 33. Kc2 {[%clk 0:01:00]} c3
{[%clk 0:51:23]} 34. e5 {[%clk 0:00:58]} Bf5+ {[%clk 0:50:35]} 35. Rd3
{[%clk 0:01:01]} Bxd3+ {[%clk 0:47:21]} 36. Kxd3 {[%clk 0:01:29]} f5
{[%clk 0:46:26]} 37. Kc2 {[%clk 0:00:48]} b4 {[%clk 0:44:01]} 38. Bh7
{[%clk 0:00:47]} Ke6 {[%clk 0:42:54]} 39. Bg6 {[%clk 0:00:58]} Ba3
{[%clk 0:42:24]} 40. h4 {[%clk 0:01:07]} Bb2 {[%clk 0:42:07]} 41. h5
{[%clk 0:01:18]} Ba3 {[%clk 0:41:53]} 42. Be8 {[%clk 0:01:19]} Bb2
{[%clk 0:40:28]} 43. Bb5 {[%clk 0:01:38]} Ke7 {[%clk 0:39:24]} 44. Ba6
{[%clk 0:01:55]} Kd7 {[%clk 0:38:05]} 45. Bd3 {[%clk 0:02:11]} Ke6
{[%clk 0:38:17]} 46. g3 {[%clk 0:02:05]} Ba3 {[%clk 0:36:11]} 47. Kb3 1-0

[Event "EUYCC 2024 U10"]
[Site "?"]
[Date "2024.08.11"]
[Round "7.9"]
[White "Hlavacek, Pavel"]
[Black "Komogortsev, Petra"]
[Result "1-0"]
[BlackElo "1723"]
[WhiteElo "1583"]
[LiveChessVersion "1.4.8"]

1. d4 {[%clk 1:30:59]} Nf6 {[%clk 1:30:47]} 2. c4 {[%clk 1:31:17]} d6
{[%clk 1:31:07]} 3. Nc3 {[%clk 1:31:26]} e5 {[%clk 1:31:08]} 4. d5
{[%clk 1:25:49]} Be7 {[%clk 1:30:08]} 5. e4 {[%clk 1:24:00]} Na6 {[%clk 1:25:35]}
6. Bd3 {[%clk 1:15:35]} O-O {[%clk 1:23:20]} 7. Nge2 Bd7 {[%clk 1:17:12]} 8. f3
{[%clk 1:11:05]} Ne8 {[%clk 1:10:23]} 9. O-O {[%clk 1:06:11]} Nc5
{[%clk 1:04:54]} 10. b4 {[%clk 1:03:54]} Nxd3 {[%clk 1:02:45]} 11. Qxd3
{[%clk 1:03:19]} f5 {[%clk 1:02:15]} 12. Bd2 {[%clk 0:54:49]} Rb8
{[%clk 0:53:12]} 13. Rfc1 {[%clk 0:48:18]} c6 {[%clk 0:49:11]} 14. a4
{[%clk 0:40:28]} Nc7 {[%clk 0:40:47]} 15. c5 {[%clk 0:35:08]} cxd5
{[%clk 0:36:23]} 16. Nxd5 {[%clk 0:33:02]} Nxd5 {[%clk 0:27:49]} 17. Qxd5+
{[%clk 0:32:45]} Kh8 {[%clk 0:26:37]} 18. cxd6 {[%clk 0:29:57]} Qb6+
{[%clk 0:26:07]} 19. Qc5 {[%clk 0:28:05]} Qxd6 {[%clk 0:24:54]} 20. Qxd6
{[%clk 0:26:16]} Bxd6 {[%clk 0:24:08]} 21. Ng3 {[%clk 0:23:06]} f4
{[%clk 0:21:47]} 22. Ne2 {[%clk 0:21:18]} Rbc8 {[%clk 0:20:29]} 23. b5
{[%clk 0:19:48]} a6 {[%clk 0:17:17]} 24. Nc3 {[%clk 0:18:05]} Bc5+
{[%clk 0:16:24]} 25. Kf1 {[%clk 0:17:48]} Bd4 {[%clk 0:16:40]} 26. Rab1
{[%clk 0:16:35]} Rc4 {[%clk 0:14:21]} 27. Nd5 {[%clk 0:15:02]} Rxa4
{[%clk 0:12:55]} 28. bxa6 {[%clk 0:14:21]} bxa6 {[%clk 0:12:14]} 29. Rc7
{[%clk 0:14:38]} Bb5+ {[%clk 0:12:14]} 30. Ke1 {[%clk 0:14:37]} Rc4
{[%clk 0:12:07]} 31. Rxc4 {[%clk 0:13:06]} Bxc4 {[%clk 0:12:32]} 32. Rb7
{[%clk 0:11:10]} Bxd5 {[%clk 0:11:40]} 33. exd5 {[%clk 0:11:32]} Rd8
{[%clk 0:11:50]} 34. d6 {[%clk 0:11:50]} e4 {[%clk 0:06:08]} 35. fxe4
{[%clk 0:10:07]} Kg8 {[%clk 0:04:41]} 36. d7 {[%clk 0:10:13]} Bf6
{[%clk 0:04:43]} 37. Ba5 {[%clk 0:10:18]} Ra8 {[%clk 0:05:01]} 38. Rc7
{[%clk 0:09:33]} Bd8 {[%clk 0:03:20]} 39. Rc8 {[%clk 0:09:52]} Kf7
{[%clk 0:03:43]} 40. Bxd8 {[%clk 0:09:36]} Ra7 {[%clk 0:04:00]} 41. Rc7
{[%clk 0:09:43]} Ra8 {[%clk 0:04:22]} 42. Bh4 {[%clk 0:10:04]} Rb8
{[%clk 0:04:22]} 43. d8=Q+ {[%clk 0:10:23]} Kg6 {[%clk 0:05:00]} 44. Qg5#
{[%clk 0:12:46]} 1-0

[Event "EUYCC 2024 U10"]
[Site "?"]
[Date "2024.08.11"]
[Round "7.10"]
[White "Grigore, Melania-Cristina"]
[Black "Glon Tombi Ambassa, Hermione"]
[Result "1/2-1/2"]
[BlackElo "1543"]
[WhiteElo "1466"]
[LiveChessVersion "1.4.8"]

1. e4 {[%clk 1:30:57]} e5 {[%clk 1:30:53]} 2. Nf3 {[%clk 1:31:14]} Nc6
{[%clk 1:31:09]} 3. Bc4 {[%clk 1:31:33]} Nf6 {[%clk 1:31:25]} 4. d3
{[%clk 1:31:41]} Bc5 {[%clk 1:31:41]} 5. c3 {[%clk 1:32:02]} a6 {[%clk 1:31:05]}
6. Bb3 {[%clk 1:31:19]} Ba7 {[%clk 1:31:12]} 7. Nbd2 {[%clk 1:31:37]} d6
{[%clk 1:31:09]} 8. h3 {[%clk 1:31:36]} h6 {[%clk 1:30:31]} 9. Nf1
{[%clk 1:31:36]} Be6 {[%clk 1:27:08]} 10. Ng3 {[%clk 1:31:48]} Qe7
{[%clk 1:23:55]} 11. Nh2 {[%clk 1:28:35]} O-O-O {[%clk 1:20:53]} 12. O-O
{[%clk 1:21:18]} g5 {[%clk 1:17:23]} 13. Qf3 {[%clk 1:11:49]} Rhg8
{[%clk 1:10:55]} 14. Nf5 {[%clk 1:08:33]} Bxf5 {[%clk 1:10:01]} 15. Qxf5+
{[%clk 1:07:55]} Kb8 {[%clk 1:09:51]} 16. Ng4 {[%clk 1:03:27]} Nxg4
{[%clk 1:08:19]} 17. Qxg4 {[%clk 1:03:12]} Rh8 {[%clk 1:02:31]} 18. Qh5
{[%clk 0:55:39]} Rdf8 {[%clk 0:58:28]} 19. Be3 {[%clk 0:52:40]} g4
{[%clk 0:56:31]} 20. hxg4 {[%clk 0:48:21]} Na5 {[%clk 0:50:10]} 21. Bd5
{[%clk 0:44:40]} c6 {[%clk 0:46:48]} 22. Bxf7 {[%clk 0:43:16]} Rxf7
{[%clk 0:44:31]} 23. b4 {[%clk 0:43:20]} Nb3 {[%clk 0:44:20]} 24. axb3
{[%clk 0:43:27]} Rg7 {[%clk 0:43:06]} 25. Bxa7+ {[%clk 0:41:45]} Kxa7
{[%clk 0:43:15]} 26. Qh3 {[%clk 0:40:32]} Qc7 {[%clk 0:40:17]} 27. Qe3+
{[%clk 0:40:16]} Kb8 {[%clk 0:39:37]} 28. c4 {[%clk 0:38:27]} c5 {[%clk 0:35:44]}
29. bxc5 {[%clk 0:37:45]} Rxg4 {[%clk 0:32:43]} 30. cxd6 {[%clk 0:36:59]} Qxd6
{[%clk 0:32:14]} 31. Ra5 {[%clk 0:34:33]} Rhg8 {[%clk 0:30:19]} 32. g3
{[%clk 0:34:14]} Rh4 {[%clk 0:23:46]} 33. Rd5 {[%clk 0:34:08]} Qe6
{[%clk 0:22:42]} 34. Qf3 {[%clk 0:31:03]} Rf4 {[%clk 0:17:38]} 35. Qg2
{[%clk 0:30:16]} h5 {[%clk 0:16:10]} 36. gxf4 {[%clk 0:28:35]} Rxg2+
{[%clk 0:16:09]} 37. Kxg2 {[%clk 0:28:29]} Qg4+ {[%clk 0:16:16]} 38. Kh1
{[%clk 0:28:33]} Qh3+ {[%clk 0:15:57]} 39. Kg1 {[%clk 0:28:58]} h4
{[%clk 0:14:27]} 40. fxe5 1/2-1/2

[Event "EUYCC 2024 U10"]
[Site "?"]
[Date "2024.08.11"]
[Round "7.12"]
[White "Huttova, Karolina"]
[Black "Bartecek, David"]
[Result "1-0"]
[BlackElo "1411"]
[WhiteElo "1433"]
[LiveChessVersion "1.4.8"]

1. Nf3 {[%clk 1:30:52]} d5 {[%clk 1:30:59]} 2. d4 {[%clk 1:30:51]} Nf6
{[%clk 1:30:58]} 3. g3 {[%clk 1:30:53]} Bf5 {[%clk 1:31:19]} 4. Bg2
{[%clk 1:30:32]} e6 {[%clk 1:31:13]} 5. O-O {[%clk 1:30:19]} c6 {[%clk 1:31:25]}
6. c4 {[%clk 1:29:48]} Nbd7 {[%clk 1:31:14]} 7. Qb3 {[%clk 1:25:46]} b6
{[%clk 1:30:41]} 8. Re1 {[%clk 1:23:17]} Rb8 {[%clk 1:30:24]} 9. Bf4
{[%clk 1:22:20]} Ra8 {[%clk 1:29:23]} 10. Nbd2 {[%clk 1:16:03]} c5
{[%clk 1:29:02]} 11. cxd5 {[%clk 1:11:26]} exd5 {[%clk 1:28:06]} 12. Ne5
{[%clk 1:10:27]} Nxe5 {[%clk 1:25:53]} 13. Bxe5 {[%clk 1:10:21]} Ne4
{[%clk 1:25:53]} 14. Nxe4 {[%clk 1:01:01]} Bxe4 {[%clk 1:24:27]} 15. Bxe4
{[%clk 1:00:06]} dxe4 {[%clk 1:23:15]} 16. f3 {[%clk 0:58:17]} exf3
{[%clk 1:20:41]} 17. exf3 {[%clk 0:58:38]} f6 {[%clk 1:18:54]} 18. Bc7+
{[%clk 0:58:49]} Qe7 {[%clk 1:18:27]} 19. Rxe7+ {[%clk 0:59:10]} Bxe7
{[%clk 1:18:43]} 20. Qe6 Rf8 {[%clk 1:16:44]} 21. Bd6 {[%clk 0:57:59]} Rf7
{[%clk 1:15:11]} 22. Re1 {[%clk 0:57:35]} Kf8 {[%clk 1:12:13]} 23. Bxe7+
{[%clk 0:57:29]} Kg8 {[%clk 1:11:35]} 24. dxc5 {[%clk 0:55:08]} bxc5
{[%clk 1:11:13]} 25. Bxc5 {[%clk 0:54:12]} h6 {[%clk 1:10:25]} 26. Rd1
{[%clk 0:53:55]} Rb8 {[%clk 1:09:55]} 27. Rd7 {[%clk 0:54:05]} Kh7
{[%clk 1:09:14]} 28. Qxf7 {[%clk 0:54:24]} Rg8 {[%clk 1:09:26]} 29. Qxf6
{[%clk 0:54:08]} h5 {[%clk 1:08:03]} 30. Be3 {[%clk 0:54:07]} Kh8
{[%clk 1:08:01]} 31. Qg6 {[%clk 0:52:32]} 1-0

[Event "EUYCC 2024 U10"]
[Site "?"]
[Date "2024.08.12"]
[Round "8.1"]
[White "Mueller, Konstantin"]
[Black "Trejbal, Jindrich"]
[Result "0-1"]
[BlackElo "1763"]
[WhiteElo "1835"]
[LiveChessVersion "1.4.8"]

1. e4 {[%clk 1:30:52]} e5 {[%clk 1:30:54]} 2. Nc3 {[%clk 1:31:11]} Nf6
{[%clk 1:31:07]} 3. f4 {[%clk 1:31:31]} d5 {[%clk 1:31:01]} 4. fxe5
{[%clk 1:31:46]} Nxe4 {[%clk 1:31:17]} 5. Qf3 {[%clk 1:32:09]} f5
{[%clk 1:30:52]} 6. d3 {[%clk 1:31:58]} Nxc3 {[%clk 1:30:55]} 7. bxc3
{[%clk 1:32:18]} d4 {[%clk 1:30:08]} 8. Qg3 {[%clk 1:31:13]} Nc6 {[%clk 1:25:50]}
9. Be2 {[%clk 1:29:50]} Be6 {[%clk 1:22:37]} 10. c4 {[%clk 1:28:39]} Bb4+
{[%clk 1:19:51]} 11. Kd1 {[%clk 1:27:50]} Qd7 {[%clk 1:16:14]} 12. Nf3
{[%clk 1:10:45]} O-O-O {[%clk 1:10:18]} 13. Bb2 {[%clk 1:06:31]} Rhf8
{[%clk 0:58:50]} 14. Qf4 {[%clk 0:53:21]} Bc5 {[%clk 0:45:56]} 15. Rc1
{[%clk 0:43:07]} Ne7 {[%clk 0:37:15]} 16. Ke1 {[%clk 0:28:06]} Ng6
{[%clk 0:31:09]} 17. Qd2 {[%clk 0:26:58]} Qa4 {[%clk 0:23:33]} 18. a3
{[%clk 0:25:48]} Bb6 {[%clk 0:17:38]} 19. Kf1 {[%clk 0:24:36]} c5
{[%clk 0:15:49]} 20. c3 {[%clk 0:23:47]} dxc3 {[%clk 0:15:01]} 21. Qxc3
{[%clk 0:22:14]} Nf4 {[%clk 0:13:47]} 22. Qd2 {[%clk 0:18:49]} Nxe2
{[%clk 0:10:19]} 23. Qxe2 {[%clk 0:19:09]} Rd7 {[%clk 0:10:22]} 24. Kf2
{[%clk 0:18:37]} Rfd8 {[%clk 0:09:33]} 25. Rhd1 {[%clk 0:18:35]} Ba5
{[%clk 0:09:14]} 26. Ng5 {[%clk 0:15:34]} Re7 {[%clk 0:09:01]} 27. Qe3
{[%clk 0:15:00]} Kb8 {[%clk 0:08:46]} 28. Qe2 {[%clk 0:09:48]} h6
{[%clk 0:08:12]} 29. Nxe6 {[%clk 0:09:49]} Rxe6 {[%clk 0:08:33]} 30. Qf3
{[%clk 0:08:53]} g6 {[%clk 0:07:31]} 31. Kg1 {[%clk 0:08:12]} Qc6
{[%clk 0:06:30]} 32. Qf4 {[%clk 0:08:01]} Bc7 {[%clk 0:05:36]} 33. Qxh6
{[%clk 0:05:19]} Bxe5 {[%clk 0:05:40]} 34. Bxe5+ {[%clk 0:05:30]} Rxe5
{[%clk 0:06:02]} 35. Qf4 {[%clk 0:04:25]} Qd6 {[%clk 0:06:24]} 36. Qf3
{[%clk 0:04:14]} Qd4+ {[%clk 0:06:22]} 37. Qf2 {[%clk 0:02:05]} Re3
{[%clk 0:05:23]} 38. Re1 {[%clk 0:01:23]} Rxe1+ {[%clk 0:04:12]} 39. Rxe1
{[%clk 0:01:48]} Qxf2+ {[%clk 0:03:41]} 40. Kxf2 {[%clk 0:02:14]} Rxd3
{[%clk 0:03:34]} 41. Re6 {[%clk 0:02:17]} g5 {[%clk 0:03:39]} 42. Re5
{[%clk 0:02:22]} Rxa3 {[%clk 0:02:55]} 43. Rxf5 {[%clk 0:02:38]} Ra2+
{[%clk 0:02:58]} 44. Kg3 {[%clk 0:02:55]} a5 {[%clk 0:03:17]} 45. Rxg5
{[%clk 0:03:13]} Ka7 {[%clk 0:02:32]} 46. h4 {[%clk 0:02:39]} a4 {[%clk 0:02:55]}
47. h5 {[%clk 0:02:51]} a3 {[%clk 0:03:11]} 48. h6 {[%clk 0:03:03]} Rxg2+
{[%clk 0:03:31]} 49. Kxg2 {[%clk 0:02:45]} a2 {[%clk 0:03:55]} 50. Rxc5
{[%clk 0:01:25]} a1=Q {[%clk 0:04:01]} 51. Rh5 {[%clk 0:00:54]} Qa2+
{[%clk 0:03:58]} 52. Kg3 {[%clk 0:01:03]} Qb3+ {[%clk 0:04:17]} 53. Kg2
{[%clk 0:00:41]} Qxc4 {[%clk 0:04:33]} 54. Rh3 {[%clk 0:00:53]} Qe4+
{[%clk 0:04:42]} 55. Kf2 {[%clk 0:01:10]} Qf4+ {[%clk 0:05:03]} 56. Kg1
{[%clk 0:01:21]} Qf5 {[%clk 0:05:02]} 57. Kg2 {[%clk 0:01:38]} Qh7
{[%clk 0:05:14]} 58. Kf2 {[%clk 0:01:59]} b5 {[%clk 0:05:16]} 59. Ke2
{[%clk 0:01:56]} Kb6 {[%clk 0:05:12]} 60. Rd3 {[%clk 0:01:00]} Qxh6
{[%clk 0:05:10]} 61. Kd1 {[%clk 0:01:16]} Kc5 {[%clk 0:05:27]} 62. Kc2
{[%clk 0:01:38]} Qg6 {[%clk 0:05:25]} 63. Kd2 {[%clk 0:01:57]} Qxd3+
{[%clk 0:05:32]} 64. Kxd3 {[%clk 0:02:17]} Kb4 {[%clk 0:05:58]} 65. Kc2
{[%clk 0:02:40]} Ka3 {[%clk 0:06:23]} 66. Kb1 {[%clk 0:03:06]} b4
{[%clk 0:06:37]} 67. Ka1 {[%clk 0:03:32]} b3 {[%clk 0:07:02]} 68. Kb1
{[%clk 0:03:58]} b2 {[%clk 0:07:26]} 69. Kc2 {[%clk 0:04:25]} Ka2
{[%clk 0:07:37]} 70. Kc3 {[%clk 0:04:52]} b1=Q {[%clk 0:07:59]} 71. Kc4
{[%clk 0:05:17]} Qb3+ {[%clk 0:08:17]} 72. Kc5 {[%clk 0:05:42]} Kb2
{[%clk 0:08:39]} 73. Kd4 {[%clk 0:06:08]} Qc3+ {[%clk 0:09:02]} 74. Kd5
{[%clk 0:06:32]} Kb3 {[%clk 0:09:24]} 75. Kd6 {[%clk 0:06:56]} Qc4
{[%clk 0:09:47]} 76. Ke5 {[%clk 0:07:21]} Qd3 {[%clk 0:10:12]} 77. Kf6
{[%clk 0:07:47]} Qe4 {[%clk 0:10:38]} 78. Kg5 {[%clk 0:08:11]} Qf3
{[%clk 0:11:02]} 79. Kg6 {[%clk 0:08:38]} Qf4 {[%clk 0:11:25]} 80. Kg7
{[%clk 0:09:03]} Qf5 {[%clk 0:11:50]} 81. Kh8 {[%clk 0:09:31]} Qg5
{[%clk 0:12:11]} 82. Kh7 {[%clk 0:09:57]} Kc4 {[%clk 0:12:36]} 0-1